LEADER 02158nam a2200409 u 4500 001 000000035226 003 CaOOAMICUS 005 20200924151012.0 008 980220m19491950gw u000 u ger u 032 $aLibriCat 035 $a10783681 040 $aPUL(R)$bita$dIAR 245 00$aLehrbuch des Kirchenrechts auf Grund des Codex Iuris Canonici /$cbegründet von Eduard Eichmann neu bearbeitet von Klaus Mörsdorf. 250 $a6. Aufl. 260 $aPaderborn :$bSchöningh,$c1949-1950. 300 $a3 v. ;$c25 cm 490 1 $aWissenschaftliche Handbibliothek 500 $aInclude indici. 504 $aBibliografia a piè pagina. 505 0 $.aI. Band : Einleitung, Allgemeiner Teil und Personenrecht -- II. Band: Sachenrecht -- III. Band: Prozess- und Strafrecht 650 4$aDiritto canonico$vManuali e compendi.$0(OLS)http://pul/subject/11542 700 1 $aMörsdorf, Klaus,$d1909-1989.$0(OLS)http://pul/name/7856 700 1 $aEichmann, Eduard,$d1870-1946.$0(OLS)http://pul/name/7855 830 0$aWissenschaftliche Handbibliothek.$0(OLS)http://pul/title/48473 850 $aPUL 852 $aPUL$W1$xSL Diritto Canonico 3$y77$m262. 99 CAN.1 61.3$j48243$nBK-PRI$b $qDDC 21$B48245$CPULBib$Z2$F48245 $H21667 $82 852 $aPUL$W1$xSL Diritto Canonico 1$y5$m164 F 35$j48246$nBK-PRI$b $qStampati$B48247$CPULBib$Z2$F48247 $82 852 $aPUL$W1$xSL Diritto Canonico 3$y77$m262. 99 CAN.1 61.1$j197849$nBK-PRI$b $qDDC 21$B48243$CPULBib$Z2$F48243 $H13201 $82 852 $aPUL$W1$xSL Diritto Canonico 3$y77$m262. 99 CAN.1 61.2$j197850$nBK-PRI$b $qDDC 21$B48244$CPULBib$Z2$F48244 $H21656 $82 852 $aPUL$W1$xSL Diritto Canonico 1$y5$m164 F 34$j197851$nBK-PRI$b $qStampati$B48246$CPULBib$Z2$F48246 $82 941 1 $a9 941 1 $a8 961 $aINV: 57117 ; 57118 961 $aINV: 57117 ; 57118 996 $6245$aLehrbuch des Kirchenrechts auf Grund des Codex Iuris Canonici$9(OLS)http://pul/title/48475 996 $6260$aPaderborn :$bSchöningh$9(OLS)http://pul/publisher/52607 LEADER 01495nam a2200325 a 4500 001 000000157858 003 CaOOAMICUS 005 20170113092529.0 008 170113s2016 vc fr z001 0 ita r 020 $a978-88-465-1142-3* 032 $aLibriCat 040 $aPUL$bita 082 04$a240 100 1 $aMassaro, Roberto,$csacerdote,$d1984-$0(OLS)http://pul/name/97949 245 12$aL'etica della cura : $bun terreno comune per un'etica pubblica condivisa /$cRoberto Massaro. 260 $aCittà del Vaticano :$bLateran University Press,$c©2016$aRoma :$bEditiones Academiae Alfonsianae 300 $a263 p. ;$c24 cm. 490 1 $aTesi Accademia Alfonsiana ;$v06 504 $aBibliografia p. [251]-263. 650 4$aCura (etica).$0(OLS)http://pul/subject/44134 830 0$aTesi Accademia Alfonsiana ;$v06.$0(OLS)http://pul/title/156464 850 $aPUL 852 $aPUL$W1$xSL Religione 3$y85$m240 COLL 1.6$j181191$qDDC 21$B184323$CPULBib$Z2$F184323 $H128630 $81 941 1 $a9 996 $6020$a978-88-465-1142-3*$9(OLS)http://pul/number/161764 996 $6082$a240$9(OLS)http://pul/classification/586 996 $6245$aL'etica della cura : $bun terreno comune per un'etica pubblica condivisa$9(OLS)http://pul/title/193446 996 $6260$aCittà del Vaticano :$bLateran University Press$9(OLS)http://pul/publisher/74585 996 $6260$aRoma :$bEditiones Academiae Alfonsianae$9(OLS)http://pul/publisher/82247